Statistiques concernant Intercommunalités de la Haute-Saône

Cliquez ici pour prendre le quiz!

Statistiques générales

  • Ce quiz a été pris 8 fois
  • Le résultat moyen est 6 sur 18

Statistiques - réponses

Nombres de CommunesIntercommunalités% Correct
20Communauté d'agglomération de Vesoul
100%
23Communauté de communes du pays de Lure
75%
23 (dont 03 dans le Doubs)Communauté de communes du pays d'Héricourt
75%
15Communauté de communes du Pays de Luxeuil
63%
48Communauté de communes Val de Gray
63%
33Communauté de communes du Pays Riolais
50%
48Communauté de communes des Hauts du Val de Saône
25%
34 ( dont 02 dans le Doubs)Communauté de communes du Pays de Villersexel
25%
45 (dont 21 dans le Doubs)Communauté de communes du val marnaysien
25%
37Communauté de communes de la Haute Comté
13%
25Communauté de communes des Monts de Gy
13%
27Communauté de communes du Pays de Montbozon et du Chanois
13%
42Communauté de communes du Triangle Vert
13%
09Communauté de communes Rahin et Chérimont
13%
27Communauté de communes des Combes
0%
26Communauté de communes des mille étangs
0%
41Communauté de communes des Quatre Rivières
0%
39Communauté de communes Terres de Saône
0%

Distribution des résultats

Percentile par nombre de réponses

% des personnes avec chaque résultat

Votre développement - résultats

Vous n’avez pas pris ce quiz